| 000 | 00338nam a2200133 i 4500 | ||
|---|---|---|---|
| 001 | 24957 | ||
| 003 | ES-MaACL | ||
| 005 | 20230906153152.0 | ||
| 007 | t| | ||
| 008 | 021219s1885 mx ||||1| spa d | ||
| 245 | 0 | 0 | _aApuntes biográficos del Sr. General Carlos Pacheco. |
| 260 |
_aMéxico : _b[s.n., _c1885] |
||
| 852 |
_aES-MaACL _j1564-F-2 |
||
| 999 |
_c24957 _d24957 |
||